00650nam a22001817a 4500003000900000008004100009040007100050082001500121100003600136245003700172260003500209300006900244505008300313650001600396650001300412650001600425650002700441AR-CdUCM190320b ||||| |||| 00| 0 spa d aMUNICIPALIDAD PROVINCIAL DEL CUSCOcBIBLIOTECA MUNICIPAL DEL CUSCO a633 /bR73 aRodriguez López, Yofre Julian aSistema de producción andino / aCusco :bImprenta CTAR,c2001. a138 paginas ;bMapas, ilustraciones, dibujos, graficos, c20 cm. aContenido: metodologia -- geopolitica -- ecologia -- totora -- antecedentes... aMetodologia aEcologia ageopolitica asistemas de produccion